[Event "Lumpy Custard Blitz Mayhem #1"]
[Site "SchemingMind.com"]
[Date "2020.05.19"]
[Round "-"]
[White "CLewis73"]
[Black "Abstract Actuary"]
[Result "1-0"]
[WhiteCountry "ENG"]
[BlackCountry "USA"]
[WhiteElo "1950"]
[WhiteRD "88"]
[BlackElo "1860"]
[BlackRD "67"]
[GameID "455376"]

1. e3 e5 2. d4 exd4 3. exd4 d5 4. Nf3 Bd6 5. c4 Nf6 6. Nc3 O-O 7. cxd5 Re8+ 8. Be2 Nbd7 9. Bg5 h6 10. Bh4 Nb6
11. O-O Be7 12. Bb5 Bd7 13. Bxd7 Qxd7 14. Ne5 Qd8 15. Qf3 Nbxd5 16. Bxf6 Bxf6 17. Nxd5 Bxe5 18. dxe5 Rxe5 19. Nc3 c6 20. Rad1 Qe7
21. h3 Re8 22. Qd3 Qb4 23. Qd2 a5 24. f3 b5 25. Ne4 Qc4 26. Nd6 Qc5+ 27. Qd4 Rd8 28. Qxc5 Rxc5 29. Nb7 Rxd1 30. Rxd1 Rc2
31. Rd8+ Kh7 32. Nxa5 Rxb2 33. Nxc6 Rxa2 34. Rb8 Rb2 35. Rb7 f6 36. Nd4 b4 37. Nf5 Kg6 38. Nxg7 b3 39. Ne6 Rb1+ 40. Kh2 b2
41. Nf4+ Kg5 42. Nd3 Rd1 43. Nxb2 Rb1 44. Rb4
1-0

[Event "Lumpy Custard Blitz Mayhem #1"]
[Site "SchemingMind.com"]
[Date "2020.05.19"]
[Round "-"]
[White "Abstract Actuary"]
[Black "CLewis73"]
[Result "1-0"]
[WhiteCountry "USA"]
[BlackCountry "ENG"]
[WhiteElo "1879"]
[WhiteRD "71"]
[BlackElo "1910"]
[BlackRD "109"]
[GameID "455377"]

1. e4 b6 2. d4 Bb7 3. Bd3 e6 4. c4 Bb4+ 5. Nc3 Qh4 6. Qe2 Nc6 7. Nf3 Bxc3+ 8. bxc3 Qd8 9. O-O Nce7 10. Rb1 d5
11. cxd5 exd5 12. e5 Ng6 13. Bg5 N8e7 14. Nd2 h6 15. Be3 O-O 16. f4 f5 17. Qf3 Bc8 18. Qg3 Be6 19. Be2 Kh7 20. Bh5 Nh8
21. Be2 Qc8 22. Nf3 c5 23. Nh4 cxd4 24. cxd4 Qb7 25. Bd2 Rac8 26. Bb4 Rc2 27. Bh5 Rxa2 28. Rf3 a5 29. Bd6 Rc8 30. h3 Rcc2
31. Bxe7 Qxe7 32. Rxb6 Qxh4 33. Qxh4 Rxg2+ 34. Kf1
1-0

[Event "Lumpy Custard Blitz Mayhem #1"]
[Site "SchemingMind.com"]
[Date "2020.05.19"]
[Round "-"]
[White "CLewis73"]
[Black "Clive Everill"]
[Result "1-0"]
[WhiteCountry "ENG"]
[BlackCountry "CZE"]
[WhiteElo "1950"]
[WhiteRD "88"]
[BlackElo "1703"]
[BlackRD "53"]
[GameID "455378"]

1. e3 e5 2. d4 exd4 3. exd4 d5 4. Nf3 Bd6 5. c4 Nf6 6. Nc3 O-O 7. cxd5 Nbd7 8. Bg5 Be7 9. Be2 Nb6 10. Bxf6 Bxf6
11. Qb3 Re8 12. O-O c6 13. dxc6 bxc6 14. Bc4 Be6 15. Bxe6 Rxe6 16. Rfe1 Rxe1+ 17. Rxe1 Bxd4 18. Rd1 c5 19. Ne2 Qe8 20. Nexd4 cxd4
21. Rxd4 Rc8 22. h3 Rc1+ 23. Kh2 Qb8+ 24. g3 Rf1 25. Kg2 Rc1 26. Ne5 Rc7 27. Qd3 Rc8 28. Qf5 Rf8 29. Nc6 Qe8 30. Qb5 Qa8
31. Kg1 Re8 32. Rd1 h6 33. Nxa7 Rb8 34. Nc6 Re8 35. Qxb6 Qxa2 36. Rd8 Rxd8 37. Qxd8+ Kh7 38. Ne7 f6 39. Qd3+ Kh8 40. b4 Qe6
41. Qd8+ Kh7 42. Qg8+ Qxg8 43. Nxg8
1-0

[Event "Lumpy Custard Blitz Mayhem #1"]
[Site "SchemingMind.com"]
[Date "2020.05.19"]
[Round "-"]
[White "Clive Everill"]
[Black "CLewis73"]
[Result "1/2-1/2"]
[WhiteCountry "CZE"]
[BlackCountry "ENG"]
[WhiteElo "1723"]
[WhiteRD "54"]
[BlackElo "1910"]
[BlackRD "109"]
[GameID "455379"]

1. e4 c6 2. d4 d5 3. Nc3 dxe4 4. f3 Qb6 5. Nxe4 Nf6 6. Nxf6+ exf6 7. b3 Bb4+ 8. Bd2 O-O 9. c3 Re8+ 10. Be2 Bf8
11. f4 Bf5 12. Kf2 Nd7 13. Bg4 Bxg4 14. Qxg4 Re7 15. Nf3 Rae8 16. Rae1 Nb8 17. Be3 Na6 18. h4 Nc7 19. h5 Nd5 20. Bd2 Qc7
21. Rxe7 Rxe7 22. Nh4 Qa5 23. Nf5 Re8 24. Nh6+ Kh8 25. Nxf7+ Kg8 26. Nh6+ Kh8 27. Nf7+=
1/2-1/2

[Event "Lumpy Custard Blitz Mayhem #1"]
[Site "SchemingMind.com"]
[Date "2020.05.19"]
[Round "-"]
[White "CLewis73"]
[Black "Phillip Beckett"]
[Result "1-0"]
[WhiteCountry "ENG"]
[BlackCountry "ENG"]
[WhiteElo "1950"]
[WhiteRD "88"]
[BlackElo "1521"]
[BlackRD "49"]
[GameID "455380"]

1. e3 e5 2. d4 exd4 3. exd4 Nf6 4. Nf3 d5 5. Bd3 Bd6 6. Qe2+ Be6 7. Ng5 Qd7 8. Nxe6 Qxe6 9. O-O O-O 10. Qxe6 fxe6
11. Nd2 Nbd7 12. Nf3 e5 13. dxe5 Nxe5 14. Nxe5 Bxe5 15. Re1 Bd6 16. h3 Rae8 17. Be3 a6 18. c4 dxc4 19. Bxc4+ Kh8 20. Bb3 Nd7
21. Rad1 Ne5 22. Bd5 b6 23. a3 Nd7 24. Bc6 Rd8 25. Bg5 Nf6 26. g3 h6 27. Bxf6 Rxf6 28. Be4 Be7 29. Rxd8+ Bxd8 30. Bd3 Rf8
31. Bxa6 Bf6 32. b4 Bb2 33. a4 Ba3 34. b5 Bc5 35. Re2 Rf3 36. Kg2 Ra3 37. Bb7 Rxa4 38. Re8+ Kh7 39. Be4+ g6 40. Re6 Rb4
41. Bxg6+ Kg7 42. Bd3 Rb2 43. Be2 Bd6 44. Re4 Rb4 45. Rxb4 Bxb4= 46. f4 Kf6 47. Kf3 Be1 48. g4 Bd2 49. h4 Be1 50. g5+ hxg5
51. hxg5+ Kf7 52. Kg4 Bc3 53. f5 Bd2 54. Kh5 Kg7 55. f6+ Kg8 56. Bc4+ Kf8 57. g6 Bc3 58. g7+
1-0

[Event "Lumpy Custard Blitz Mayhem #1"]
[Site "SchemingMind.com"]
[Date "2020.05.19"]
[Round "-"]
[White "Phillip Beckett"]
[Black "CLewis73"]
[Result "1/2-1/2"]
[WhiteCountry "ENG"]
[BlackCountry "ENG"]
[WhiteElo "1530"]
[WhiteRD "51"]
[BlackElo "1910"]
[BlackRD "109"]
[GameID "455381"]

1. e4 c6 2. d4 d5 3. Nc3 dxe4 4. Nxe4 Nf6 5. Ng3 Bg4 6. Be2 Bxe2 7. N1xe2 e6 8. O-O Bd6 9. c3 Nbd7 10. Bf4 Qc7
11. Bxd6 Qxd6 12. Qd2 O-O 13. Rad1 Rad8 14. Nc1 c5 15. dxc5 Qxd2 16. Rxd2 Nxc5 17. Rfd1 Rxd2 18. Rxd2 h6 19. Nce2 Rc8 20. Nd4 Rd8
21. Nb3 Rxd2 22. Nxd2 Na4 23. Nc4 Kf8 24. Ne2 Ke7 25. b3 Nc5 26. Nd2 Kd7 27. c4 g5=
1/2-1/2

[Event "Lumpy Custard Blitz Mayhem #1"]
[Site "SchemingMind.com"]
[Date "2020.05.19"]
[Round "-"]
[White "CLewis73"]
[Black "John Hamer"]
[Result "1-0"]
[WhiteCountry "ENG"]
[BlackCountry "ENG"]
[WhiteElo "1950"]
[WhiteRD "88"]
[BlackElo "1921"]
[BlackRD "61"]
[GameID "455382"]

1. e3 Nf6 2. Nf3 g6 3. d4 Bg7 4. c4 O-O 5. Be2 d5 6. cxd5 Nxd5 7. e4 Nb6 8. O-O Bg4 9. Nbd2 Nc6 10. d5 Nb8
11. a4 a5 12. h3 Bc8 13. Nc4 c6 14. Qb3 N8d7 15. dxc6 bxc6 16. Be3 Nxc4 17. Bxc4 Qc7 18. Qc2 Bb7 19. Rac1 Rab8 20. Bd4 c5
21. Bxg7 Kxg7 22. Rfe1 Nf6 23. Re2 Kg8 24. e5 Nd7 25. e6 fxe6 26. Ng5 Bd5 27. Bxd5 exd5 28. Ne6 Qd6 29. Nxf8 Rxf8 30. Qd2 c4
31. Rd1 e6 32. Qxa5 Nc5 33. Qc3 Qc6 34. a5 Nd3 35. Rxd3
1-0

[Event "Lumpy Custard Blitz Mayhem #1"]
[Site "SchemingMind.com"]
[Date "2020.05.19"]
[Round "-"]
[White "John Hamer"]
[Black "CLewis73"]
[Result "1-0"]
[WhiteCountry "ENG"]
[BlackCountry "ENG"]
[WhiteElo "1921"]
[WhiteRD "61"]
[BlackElo "1950"]
[BlackRD "88"]
[GameID "455383"]

1. d4 d5 2. c4 dxc4 3. e3 e5 4. Bxc4 exd4 5. exd4 Bd6 6. Nf3 Nf6 7. O-O O-O 8. Nc3 Nc6 9. h3 h6 10. Qc2 Na5
11. Bd3 Be6 12. Re1 Re8 13. b3 Rc8 14. Bb2 c5 15. d5 Nxd5 16. Nxd5 Bxd5 17. Rxe8+ Qxe8 18. Qc3 Bf8 19. Qxa5 Bxf3 20. gxf3 Qd7
21. Be4 b6 22. Qc3 Qxh3 23. Rd1 Qh4 24. Qc4 Qg5+ 25. Kf1 Rd8 26. Bd5 Rd7 27. f4 Qh5 28. Rd3 b5 29. Qe4 a6 30. Bc3 g6
31. Bf6 Rc7 32. Rg3 Bg7 33. Rxg6
1-0

[Event "Lumpy Custard Blitz Mayhem #1"]
[Site "SchemingMind.com"]
[Date "2020.05.19"]
[Round "-"]
[White "CLewis73"]
[Black "kenneth m day"]
[Result "1-0"]
[WhiteCountry "ENG"]
[BlackCountry "USA"]
[WhiteElo "1950"]
[WhiteRD "88"]
[BlackElo "1771"]
[BlackRD "48"]
[GameID "455384"]

1. e3 e5 2. d4 exd4 3. exd4 Nf6 4. Nf3 d5 5. Bd3 Bd6 6. Qe2+ Be6 7. Ng5 Qe7 8. Nxe6 fxe6 9. O-O O-O 10. Bg5 Nbd7
11. Nc3 Rae8 12. Nb5 h6 13. Nxd6 Qxd6 14. Bh4 c6 15. Bg3 Qe7 16. Rfe1 Qf7 17. Bd6 Ne4 18. Bxe4 dxe4 19. Bxf8 Rxf8 20. Qxe4 Qxf2+
21. Kh1 Qf7 22. Qxe6 Qxe6 23. Rxe6 Rf7 24. Rae1 Nb6 25. Re8+ Kh7 26. Kg1 Nd5 27. c4 Nf6 28. R8e7 Kg6 29. Rxf7 Kxf7 30. h3 Nd7
31. Kf2 Nb6 32. b3 Nd7 33. Kf3 Nf6 34. g4 g6 35. a4 b6 36. a5 Nd7 37. axb6 axb6 38. Ra1 Ke7 39. Ra7 Ke6 40. Ke3 Kd6
41. b4 Ke6 42. Rxd7 Kxd7 43. Ke4 Kd6 44. d5 cxd5+ 45. cxd5 h5 46. gxh5 gxh5 47. h4 b5 48. Kd4 Kd7 49. Kc5 Kc7 50. Kxb5 Kd6
51. Kc4 Kc7 52. Kc5 Kd7 53. d6 Kd8 54. Kc6 Kc8 55. d7+ Kd8 56. b5
1-0

[Event "Lumpy Custard Blitz Mayhem #1"]
[Site "SchemingMind.com"]
[Date "2020.05.19"]
[Round "-"]
[White "kenneth m day"]
[Black "CLewis73"]
[Result "0-1"]
[WhiteCountry "USA"]
[BlackCountry "ENG"]
[WhiteElo "1771"]
[WhiteRD "48"]
[BlackElo "1950"]
[BlackRD "88"]
[GameID "455385"]

1. e4 c6 2. d4 d5 3. e5 c5 4. dxc5 e6 5. Nf3 Nd7 6. Be3 Ne7 7. Nc3 Ng6 8. Bd4 Bxc5 9. Bxc5 Nxc5 10. Qd4 Nd7
11. Bd3 Qb6 12. Qxb6 axb6 13. Nb5 O-O 14. Bxg6 hxg6 15. a3 Nc5 16. O-O-O Ne4 17. Rhf1 Bd7 18. Nd6 Nxd6 19. exd6 Rfd8 20. Ne5 Ba4
21. Rd4 Rxd6 22. Re1 Be8 23. Re3 f6 24. Nd3 e5 25. Rh4 e4 26. Nb4 Bd7 27. Rc3 g5 28. Rh5 Bg4 29. Rch3 Bxh3 30. Rxh3 Kf7
31. Rc3 Rd7 32. Re3 f5 33. Re1 Kf6 34. Rd1 Rad8 35. Rd4 Ke5 36. c3 g6 37. Kc2 f4 38. h3 Rh8 39. Kd2 g4 40. hxg4 Rh2
41. Ke1 Rxg2 42. Nc2 Rxg4 43. Kf1 Rh4 44. Kg1 Rdh7 45. Kf1 Rh1+ 46. Ke2 f3+ 47. Kd2 Rb1 48. b4 Rhh1
0-1

[Event "Lumpy Custard Blitz Mayhem #1"]
[Site "SchemingMind.com"]
[Date "2020.05.19"]
[Round "-"]
[White "CLewis73"]
[Black "Paul7926"]
[Result "1-0"]
[WhiteCountry "ENG"]
[BlackCountry "ENG"]
[WhiteElo "1910"]
[WhiteRD "109"]
[BlackElo "1428"]
[BlackRD "68"]
[GameID "455386"]

1. e3 d5 2. Nf3 Bg4 3. c4 Bxf3 4. Qxf3 Nf6 5. cxd5 Nxd5 6. Bc4 e6 7. O-O c6 8. d4 Bd6 9. e4 b5 10. Bxd5 exd5
11. exd5 Na6 12. Re1+ Kf8 13. dxc6 g6 14. Bh6+ Kg8 15. Nc3 b4 16. Nd5 Rb8 17. Nf6+
1-0

[Event "Lumpy Custard Blitz Mayhem #1"]
[Site "SchemingMind.com"]
[Date "2020.05.19"]
[Round "-"]
[White "Paul7926"]
[Black "CLewis73"]
[Result "0-1"]
[WhiteCountry "ENG"]
[BlackCountry "ENG"]
[WhiteElo "1428"]
[WhiteRD "68"]
[BlackElo "1910"]
[BlackRD "109"]
[GameID "455387"]

1. e4 d5 2. exd5 Qxd5 3. Nc3 Qd6 4. Bb5+ c6 5. Ne4 Qe6 6. d3 cxb5 7. Ne2 Nc6 8. Nf4 Qd7 9. Nc5 Qd8 10. O-O e5
11. Re1 Bxc5 12. c3 Nge7 13. Be3 Bxe3 14. Rxe3 exf4
0-1

[Event "Lumpy Custard Blitz Mayhem #1"]
[Site "SchemingMind.com"]
[Date "2020.05.19"]
[Round "-"]
[White "CLewis73"]
[Black "Wojtek26"]
[Result "1-0"]
[WhiteCountry "ENG"]
[BlackCountry "POL"]
[WhiteElo "1910"]
[WhiteRD "109"]
[BlackElo "1619"]
[BlackRD "70"]
[GameID "455388"]

1. e3 e5 2. d4 exd4 3. exd4 d5 4. Nf3 Nf6 5. Bd3 Be7 6. h3 O-O 7. Be3 a6 8. O-O Nc6 9. a3 Bd7 10. Nc3 b5
11. Re1 Re8 12. Ne5 h6 13. Nxd7 Qxd7 14. Qf3 Rad8 15. Bf5 Qd6 16. Bf4 Ne5 17. dxe5
1-0

[Event "Lumpy Custard Blitz Mayhem #1"]
[Site "SchemingMind.com"]
[Date "2020.05.19"]
[Round "-"]
[White "Wojtek26"]
[Black "CLewis73"]
[Result "1/2-1/2"]
[WhiteCountry "POL"]
[BlackCountry "ENG"]
[WhiteElo "1696"]
[WhiteRD "60"]
[BlackElo "1950"]
[BlackRD "88"]
[GameID "455389"]

1. d4 d5 2. c4 dxc4 3. e3 e5 4. Bxc4 exd4 5. Qb3 Qe7 6. a3 Nc6 7. Nf3 Nf6 8. O-O dxe3 9. Bxe3 Qd7 10. Nc3 Na5
11. Qa2 Nxc4 12. Qxc4 Qc6 13. Qxc6+ bxc6 14. Bd4 Nd5 15. Rfe1+ Ne7 16. Ne5 Be6 17. Bc5 Ng6 18. Nxg6 hxg6 19. Bxf8 Kxf8 20. Rac1 Rh5
21. Ne4 Re8 22. Ng3 Rb5 23. b4 Bd5 24. Rxe8+ Kxe8 25. f3 a5 26. Rb1 axb4 27. axb4 c5 28. Re1+ Kf8 29. bxc5 Rxc5 30. Ne4 Rc2
31. Ng3 Be6 32. Ne4 Bd5 33. h3 Ke7 34. Nc3+ Kd6 35. Nxd5 Kxd5 36. Re7 c5 37. Rxf7 c4 38. Rd7+ Kc5 39. Rc7+ Kb4 40. Rb7+ Kc3
41. Rxg7 Kb2 42. Rxg6 c3 43. Rb6+ Kc1 44. Rc6 Kd1 45. Rd6+=
1/2-1/2

[Event "Lumpy Custard Blitz Mayhem #1"]
[Site "SchemingMind.com"]
[Date "2020.05.19"]
[Round "-"]
[White "Abstract Actuary"]
[Black "Clive Everill"]
[Result "0-1"]
[WhiteCountry "USA"]
[BlackCountry "CZE"]
[WhiteElo "1860"]
[WhiteRD "67"]
[BlackElo "1703"]
[BlackRD "53"]
[GameID "455390"]

1. e4 Nc6 2. f4 d5 3. e5 Bf5 4. Nf3 e6 5. d4 Nb4 6. Na3 c5 7. c3 Nc6 8. Bd3 Bxd3 9. Qxd3 c4 10. Qe2 Bxa3
11. bxa3 Nge7 12. Rb1 b6 13. a4 O-O 14. Ba3 Re8 15. g4 Ng6 16. Qe3 Nce7 17. h4 Nh8 18. Ke2 a6 19. Bb4 Nc6 20. a3 a5
21. Bd6 Na7 22. f5 exf5 23. gxf5 Nc8 24. f6 Nxd6 25. Qg5 g6 26. h5 Ne4 27. Qh4 Nxf6 28. hxg6 fxg6 29. Rbf1 Ra7 30. Ng5 Nh5
31. Qg4 Nf6 32. Qh3 Nh5 33. Qg2 Rg7 34. Kd1 Qd7 35. Qc2 Qg4+ 36. Nf3 Nf4 37. Kc1 Nd3+ 38. Kb1 Qd7 39. Ng5 b5 40. axb5 Qxb5+
41. Ka2 a4 42. Rb1 Qb3+ 43. Qxb3 cxb3+ 44. Ka1 Nf7 45. Nf3 Nd8 46. Nh2 Rf7 47. Ng4 Kg7 48. Rh3 Nf4 49. Rh2 Nde6 50. Rbh1 h5
51. Nf6 Rh8 52. Rg1 Kf8 53. Rf1 Nd3 54. Rh3 Nef4 55. Rhf3 g5 56. Nxd5 Rhh7 57. Nb6 g4 58. Re3 Kg7 59. d5 Kg6 60. d6 Nc5
61. Nxa4 Nxa4 62. e6 Nxe6 63. Rxe6+ Kg5 64. Re5+ Kg6 65. Re6+ Kg5 66. Re5+ Kh4 67. Rd1 b2+
0-1

[Event "Lumpy Custard Blitz Mayhem #1"]
[Site "SchemingMind.com"]
[Date "2020.05.19"]
[Round "-"]
[White "Clive Everill"]
[Black "Abstract Actuary"]
[Result "0-1"]
[WhiteCountry "CZE"]
[BlackCountry "USA"]
[WhiteElo "1703"]
[WhiteRD "53"]
[BlackElo "1860"]
[BlackRD "67"]
[GameID "455391"]

1. e4 e6 2. d4 d5 3. Nd2 Nf6 4. Bd3 c5 5. e5 Nfd7 6. c3 Nc6 7. Ne2 Qb6 8. Nf3 cxd4 9. cxd4 f6 10. exf6 Nxf6
11. O-O Bd6 12. b3 O-O 13. Bf4 Bxf4 14. Nxf4 Bd7 15. Re1 Rae8 16. Qd2 Kh8 17. Bc2 Nb4 18. Bb1 Rc8 19. a3 Na6 20. b4 Nc7
21. Bxh7 Kxh7 22. Ng5+ Kg8 23. Ng6 Qd6 24. Qd3 Be8 25. Ne5 Qe7 26. Qh3 g6 27. Rac1 Nh5 28. Nef3 Bd7 29. g3 Nb5 30. a4 Nxd4
31. Nxd4 Rxc1 32. Rxc1 Qxg5 33. Rc7 Nf4 34. Qf1 Bc8 35. Nf3 Qg4 36. Ne5 Ne2+ 37. Kg2 Qe4+ 38. Kh3 Qxe5 39. Rc2 Qf5+
0-1

[Event "Lumpy Custard Blitz Mayhem #1"]
[Site "SchemingMind.com"]
[Date "2020.05.19"]
[Round "-"]
[White "Abstract Actuary"]
[Black "Phillip Beckett"]
[Result "1-0"]
[WhiteCountry "USA"]
[BlackCountry "ENG"]
[WhiteElo "1860"]
[WhiteRD "67"]
[BlackElo "1521"]
[BlackRD "49"]
[GameID "455392"]

1. e4 e5 2. Nf3 Nc6 3. c3 Nf6 4. d4 exd4 5. e5 Ne4 6. Qe2 Nc5 7. cxd4 Na6 8. a3 d6 9. exd6+ Kd7 10. dxc7 Qxc7
11. b4 Bd6 12. b5 Nxd4 13. Qd1 Re8+ 14. Be2 Nxe2 15. Kf1 Qxc1 16. Qxc1 Nxc1 17. bxa6 bxa6 18. Nc3 Nb3 19. Rd1 a5 20. Ng5 Ba6+
21. Kg1 h6 22. Nce4 hxg5 23. Nxd6 Be2 24. Nxe8+ Kxe8 25. Re1 Nd4 26. f3 Kf8 27. Kf2 Re8 28. Rb1 Ba6 29. Rhd1 Re2+ 30. Kg3 Ne6
31. Rd6 Bd3 32. Rb7 Bg6 33. h4 Kg8 34. Rxa7 gxh4+ 35. Kxh4 Rxg2 36. Rxa5 Rh2+ 37. Kg3 Rh1 38. Rd2 Rg1+ 39. Kf2 Rh1 40. Ke3 Re1+
41. Kf2 Rc1 42. Ra2 Rc3 43. Ra8+ Kh7 44. a4 Rc2+ 45. Rxc2 Bxc2 46. a5 Ba4 47. a6 Bc6 48. Rc8 Bd5 49. a7 Bb7 50. Rb8 Bd5
51. a8=Q Bxa8 52. Rxa8 Kg6 53. Kg3 Ng5 54. Kf4 Ne6+ 55. Kg4 Ng5 56. Ra5 Ne6 57. f4 Kh7 58. Rh5+ Kg8 59. f5 Nf8 60. Rh1 f6
61. Ra1 Kf7 62. Ra7+ Kg8= 63. Kf4 Kh7 64. Ra8 Kg8 65. Ke4 Kf7 66. Kd5 g5 67. Kd6 Nh7 68. Ra7+ Kg8 69. Ke7 Kg7 70. Ra8 g4
71. Ra4 Kh8 72. Rxg4 Ng5 73. Kxf6 Nh7+ 74. Kf7
1-0

[Event "Lumpy Custard Blitz Mayhem #1"]
[Site "SchemingMind.com"]
[Date "2020.05.19"]
[Round "-"]
[White "Phillip Beckett"]
[Black "Abstract Actuary"]
[Result "0-1"]
[WhiteCountry "ENG"]
[BlackCountry "USA"]
[WhiteElo "1530"]
[WhiteRD "51"]
[BlackElo "1879"]
[BlackRD "71"]
[GameID "455393"]

1. e4 e6 2. d4 d5 3. Nd2 Nf6 4. exd5 exd5 5. Ngf3 Bd6 6. Bd3 O-O 7. O-O Bg4 8. c3 c5 9. dxc5 Bxc5 10. Nb3 Bb6
11. Be2 Nc6 12. h3 Bh5 13. Nfd4 Nxd4 14. Nxd4 Bxe2 15. Nxe2 Re8 16. Nd4 h6 17. Be3 Ne4 18. Nc2 Ng3 19. Bxb6 Qxb6 20. Re1 Ne4
21. Qd4 Qxb2 22. Ne3 Qxf2+ 23. Kh1 Ng3+ 24. Kh2 Re4 25. Rad1 Rxd4
0-1

[Event "Lumpy Custard Blitz Mayhem #1"]
[Site "SchemingMind.com"]
[Date "2020.05.19"]
[Round "-"]
[White "Abstract Actuary"]
[Black "John Hamer"]
[Result "1-0"]
[WhiteCountry "USA"]
[BlackCountry "ENG"]
[WhiteElo "1860"]
[WhiteRD "67"]
[BlackElo "1921"]
[BlackRD "61"]
[GameID "455394"]

1. e4 c5 2. d4 e6 3. Nf3 cxd4 4. c3 dxc3 5. Nxc3 Nc6 6. Bc4 a6 7. O-O Nge7 8. Qe2 Ng6 9. Rd1 Be7 10. a3 O-O
11. b4 Nge5 12. Nxe5 d6 13. Nxc6 bxc6 14. Bb2 e5 15. f4 Qb6+ 16. Kh1 exf4 17. Qh5 Bd7 18. Rf1 Be6 19. Bd3 Qd4 20. Rad1 Qe5
21. Qf3 Qg5 22. Ne2 Bb3 23. Rc1 c5 24. Nxf4 a5 25. bxc5 dxc5 26. Nd5 Bd6 27. Bc4 a4 28. Bxb3 axb3 29. Qxb3 Rab8 30. Qc2 Rfe8
31. Ba1 Qg4 32. Rce1 Rbc8 33. e5 Bb8 34. Qf5 Qh4 35. Qxf7+ Kh8 36. Re3 Qd8 37. Nf4 Qh4 38. Rh3
1-0

[Event "Lumpy Custard Blitz Mayhem #1"]
[Site "SchemingMind.com"]
[Date "2020.05.19"]
[Round "-"]
[White "John Hamer"]
[Black "Abstract Actuary"]
[Result "1/2-1/2"]
[WhiteCountry "ENG"]
[BlackCountry "USA"]
[WhiteElo "1941"]
[WhiteRD "66"]
[BlackElo "1879"]
[BlackRD "71"]
[GameID "455395"]

1. c4 Nf6 2. Nf3 e6 3. d4 Bb4+ 4. Nbd2 O-O 5. a3 Bxd2+ 6. Bxd2 d5 7. Qc2 Nbd7 8. Bg5 h6 9. Bxf6 Nxf6 10. cxd5 exd5
11. e3 Re8 12. Bd3 c6 13. O-O Be6 14. Rfe1 Rc8 15. Rac1 Nd7 16. b4 Qe7 17. h3 Kh8=
1/2-1/2

[Event "Lumpy Custard Blitz Mayhem #1"]
[Site "SchemingMind.com"]
[Date "2020.05.19"]
[Round "-"]
[White "Abstract Actuary"]
[Black "kenneth m day"]
[Result "1/2-1/2"]
[WhiteCountry "USA"]
[BlackCountry "USA"]
[WhiteElo "1860"]
[WhiteRD "67"]
[BlackElo "1771"]
[BlackRD "48"]
[GameID "455396"]

1. e4 e5 2. Nf3 Nc6 3. c3 d5 4. Qa4 Bd7 5. Bb5 a6 6. Bxc6 Bxc6 7. Qc2 Bd6 8. exd5 Bxd5 9. Qd3 Nf6 10. Qe2 O-O
11. O-O Re8 12. d3 c5 13. Bg5 h6 14. Bh4 g5 15. Bg3 Qc7 16. Nbd2 e4 17. Bxd6 Qxd6 18. dxe4 Nxe4 19. Qd3 Qc6 20. c4 Nxd2
21. cxd5 Nxf3+ 22. Qxf3 Qd6 23. Rfe1 Kf8 24. Re3 Rad8 25. Rae1 Rxe3 26. Qxe3 Qxd5 27. Qe7+ Kg7 28. b3 Rd7 29. Qe3 b6 30. h3 Qd4
31. Qf3 Qf6 32. Qe2 b5 33. h4 Qd4 34. hxg5 hxg5 35. g3 Qd5 36. Qe5+ Qxe5 37. Rxe5 f6=
1/2-1/2

[Event "Lumpy Custard Blitz Mayhem #1"]
[Site "SchemingMind.com"]
[Date "2020.05.19"]
[Round "-"]
[White "kenneth m day"]
[Black "Abstract Actuary"]
[Result "1-0"]
[WhiteCountry "USA"]
[BlackCountry "USA"]
[WhiteElo "1771"]
[WhiteRD "48"]
[BlackElo "1860"]
[BlackRD "67"]
[GameID "455397"]

1. e4 e6 2. d4 d5 3. Nd2 Nf6 4. e5 Nfd7 5. Bd3 c5 6. c3 Nc6 7. Ne2 cxd4 8. cxd4 Qb6 9. Nf3 f6 10. exf6 Nxf6
11. O-O Bd6 12. Nc3 O-O 13. Na4 Qd8 14. Re1 Bd7 15. Bd2 Qe7 16. Ne5 Ne8 17. Qh5 Nf6 18. Nxc6 Bxc6 19. Qd1 Qd7 20. Nc5 Bxc5
21. dxc5 Bb5 22. Bc3 Bxd3 23. Qxd3 Ne4 24. Rxe4 Qf7 25. Re2 Rac8 26. b4 a5 27. a3 Rcd8 28. Be5 a4 29. Raa2 Qh5 30. Re3 Rf5
31. Rae2 Rdf8 32. Qd4 Qf7 33. Bg3 h5 34. Rxe6 g5 35. Rh6
1-0

[Event "Lumpy Custard Blitz Mayhem #1"]
[Site "SchemingMind.com"]
[Date "2020.05.19"]
[Round "-"]
[White "Paul7926"]
[Black "Abstract Actuary"]
[Result "0-1"]
[WhiteCountry "ENG"]
[BlackCountry "USA"]
[WhiteElo "1428"]
[WhiteRD "68"]
[BlackElo "1879"]
[BlackRD "71"]
[GameID "455399"]

1. e4 e6 2. d4 d5 3. e5 c5 4. Nf3 Nc6 5. Be3 Qb6 6. dxc5 Qxb2 7. Be2 Qxa1 8. Nc3 Qxc3+ 9. Bd2 Qxc5 10. Be3 Qa5+
11. Bd2 Bb4
0-1

[Event "Lumpy Custard Blitz Mayhem #1"]
[Site "SchemingMind.com"]
[Date "2020.05.19"]
[Round "-"]
[White "Abstract Actuary"]
[Black "Wojtek26"]
[Result "1-0"]
[WhiteCountry "USA"]
[BlackCountry "POL"]
[WhiteElo "1879"]
[WhiteRD "71"]
[BlackElo "1619"]
[BlackRD "70"]
[GameID "455400"]

1. e4 e5 2. Nf3 Nc6 3. c3 Nf6 4. d4 exd4 5. e5 Nd5 6. cxd4 f6 7. Bc4 Nb6 8. Bb3 Bb4+ 9. Nc3 Na5 10. O-O Nxb3
11. Qxb3 Bxc3 12. bxc3 d5 13. exd6 Qxd6 14. Re1+ Kd7 15. Ba3 c6 16. Bxd6
1-0

[Event "Lumpy Custard Blitz Mayhem #1"]
[Site "SchemingMind.com"]
[Date "2020.05.19"]
[Round "-"]
[White "Wojtek26"]
[Black "Abstract Actuary"]
[Result "1-0"]
[WhiteCountry "POL"]
[BlackCountry "USA"]
[WhiteElo "1696"]
[WhiteRD "60"]
[BlackElo "1860"]
[BlackRD "67"]
[GameID "455401"]

1. d4 Nf6 2. c4 e6 3. Nf3 Bb4+ 4. Bd2 Qe7 5. a3 Bxd2+ 6. Nbxd2 O-O 7. e3 c5 8. Be2 cxd4 9. Nxd4 Nc6 10. N2f3 d5
11. cxd5 Nxd5 12. O-O Nxd4 13. Nxd4 b6 14. Rc1 Bb7 15. Qb3 Qg5 16. Bf3 Rab8 17. Qa4 a5 18. Kh1 h5 19. Qb5 Qg6 20. Nc6 Bxc6
21. Rxc6 Qh7 22. Bxd5 exd5 23. Qxd5 Rfd8 24. Qb3 Rd2 25. Qc3 Rbd8 26. Rc8 Kf8 27. Qxd2 Rxc8 28. Qd6+ Ke8 29. Qxb6 Qc2 30. Qxa5 Qxb2
31. Kg1 Rc1 32. Qa8+ Ke7 33. g3 Rc3 34. Rd1 Rxa3 35. Qe4+ Kf6 36. Rd6+ Kg5 37. h4#
1-0

[Event "Lumpy Custard Blitz Mayhem #1"]
[Site "SchemingMind.com"]
[Date "2020.05.19"]
[Round "-"]
[White "Clive Everill"]
[Black "Phillip Beckett"]
[Result "1-0"]
[WhiteCountry "CZE"]
[BlackCountry "ENG"]
[WhiteElo "1723"]
[WhiteRD "54"]
[BlackElo "1530"]
[BlackRD "51"]
[GameID "455402"]

1. e4 e5 2. Nc3 Nf6 3. f4 d6 4. Nf3 Nc6 5. Bb5 exf4 6. d4 Bd7 7. Bxf4 Be7 8. O-O a6 9. Bd3 O-O 10. a3 h6
11. Qd2 Nh7 12. Ne2 Bg4 13. h3 Bxf3 14. Rxf3 Bg5 15. Raf1 Bxf4 16. Rxf4 Qg5 17. Qe1 Nf6 18. Rf5 Qg6 19. Qd2 Nh7 20. e5 dxe5
21. Rxe5 Qd6 22. Rh5 Nf6 23. Rxh6 g6 24. Bxg6 fxg6 25. Rxg6+ Kf7 26. Qh6 Ke8 27. Rgxf6 Rxf6 28. Rxf6
1-0

[Event "Lumpy Custard Blitz Mayhem #1"]
[Site "SchemingMind.com"]
[Date "2020.05.19"]
[Round "-"]
[White "Phillip Beckett"]
[Black "Clive Everill"]
[Result "0-1"]
[WhiteCountry "ENG"]
[BlackCountry "CZE"]
[WhiteElo "1530"]
[WhiteRD "51"]
[BlackElo "1723"]
[BlackRD "54"]
[GameID "455403"]

1. e4 Nc6 2. Nf3 f5 3. exf5 d5 4. d4 Bxf5 5. Nc3 e6 6. Bd3 Bg4 7. O-O Nxd4 8. Be2 Nc6 9. Ng5 Bf5 10. Bb5 Be7
11. Qe2 Qd6 12. g3 h6 13. Bf4 Qd7 14. Rad1 hxg5 15. Be5 Nf6 16. Bxf6 gxf6 17. Qh5+ Rxh5
0-1